| Record ID | marc_records_scriblio_net/part11.dat:173537462:893 |
| Source | Scriblio |
| Download Link | /show-records/marc_records_scriblio_net/part11.dat:173537462:893?format=raw |
LEADER: 00893cam 2200241 i 4500
001 79341364 //r922
003 DLC
005 19920123152339.4
008 790329r19741952ve a 000 0 spa
010 $a 79341364 //r922
040 $aDLC$cDLC$dDLC
043 $as-ve---
050 00 $aF2326$b.V473 1974
082 00 $a987/.063
245 00 $aVenezuela bajo el signo del terror :$blibro negro 1952.
260 0 $aCaracas :$bJ. A. Catalá,$c1974.
300 $alxxviii, 354 p. :$bill. ;$c24 cm.
500 $aCover title.
500 $aReprint, with new introd. and added material, of the 1952 ed. published by Editorial Centauro, Mexico, i.e. Caracas, and issued by the Comité Ejecutivo Nacional del Partido Acción Democrática.
651 0 $aVenezuela$xHistory$y1935-1958.
700 10 $aCatalá, José Agustín,$d1915-
710 20 $aAcción Democrática (Venezuela)
740 1 $aLibro negro 1952.